| Tag |
First Indicator |
Second Indicator |
Subfields |
| LEADER |
00000cam a2200000 4500 |
| 001 |
in00000055481 |
| 005 |
20151008052237.0 |
| 008 |
750519s1964 nyu b 00000 eng u |
| 010 |
|
|
|a 64016857
|
| 035 |
|
|
|a (OCoLC)01344664
|
| 035 |
|
|
|9 AAH2415AM
|
| 040 |
|
|
|c ORL
|d TXA
|d UtOrBLW
|
| 049 |
|
|
|a TXAM
|c [412872]
|
| 050 |
0 |
0 |
|a HD4901
|b .L35 1964
|
| 082 |
0 |
|
|a 331
|
| 092 |
|
|
|a 331
|b L642e, 1964
|
| 100 |
1 |
|
|a Lester, Richard Allen,
|d 1908-1997.
|
| 245 |
1 |
0 |
|a Economics of labor /
|c [by] Richard A. Lester.
|
| 250 |
|
|
|a 2d ed.
|
| 264 |
|
1 |
|a New York :
|b Macmillan,
|c [1964]
|
| 300 |
|
|
|a xiv, 626 pages ;
|c 24 cm.
|
| 336 |
|
|
|a text
|b txt
|2 rdacontent
|
| 337 |
|
|
|a unmediated
|b n
|2 rdamedia
|
| 338 |
|
|
|a volume
|b nc
|2 rdacarrier
|
| 504 |
|
|
|a Includes bibliographies.
|
| 650 |
|
0 |
|a Labor economics.
|
| 650 |
|
0 |
|a Economic history
|y 1918-1945.
|
| 999 |
|
|
|a MARS
|
| 999 |
f |
f |
|s b31e78de-447c-31b7-beed-7a4ab4e2461b
|i 8df3d8bb-cef0-3e6b-9297-9832aa56097b
|t 0
|
| 952 |
f |
f |
|p ric
|a Texas A&M University
|b Rellis Campus
|c Joint Library Facility
|d Remote Storage
|t 0
|e HD4901 .L35 1964
|h Library of Congress classification
|i unmediated -- volume
|m A14800711721
|
| 998 |
f |
f |
|a HD4901 .L35 1964
|t 0
|l Remote Storage
|